<?xml version="1.0" encoding="UTF-8"?>
<collection xmlns="http://www.loc.gov/MARC21/slim">
<record>
  <controlfield tag="001">160898</controlfield>
  <controlfield tag="005">20251017144611.0</controlfield>
  <datafield tag="024" ind1="7" ind2=" ">
    <subfield code="2">doi</subfield>
    <subfield code="a">10.1186/s13567-025-01522-y</subfield>
  </datafield>
  <datafield tag="024" ind1="8" ind2=" ">
    <subfield code="2">sideral</subfield>
    <subfield code="a">144061</subfield>
  </datafield>
  <datafield tag="037" ind1=" " ind2=" ">
    <subfield code="a">ART-2025-144061</subfield>
  </datafield>
  <datafield tag="041" ind1=" " ind2=" ">
    <subfield code="a">eng</subfield>
  </datafield>
  <datafield tag="100" ind1=" " ind2=" ">
    <subfield code="a">Bosch, Camila</subfield>
  </datafield>
  <datafield tag="245" ind1=" " ind2=" ">
    <subfield code="a">Identification of the methionine transporter MetQ in Streptococcus suis and its contribution to virulence and biofilm formation</subfield>
  </datafield>
  <datafield tag="260" ind1=" " ind2=" ">
    <subfield code="c">2025</subfield>
  </datafield>
  <datafield tag="506" ind1="0" ind2=" ">
    <subfield code="a">Access copy available to the general public</subfield>
    <subfield code="f">Unrestricted</subfield>
  </datafield>
  <datafield tag="520" ind1="3" ind2=" ">
    <subfield code="a">Streptococcus suis is a Gram-positive bacterium responsible for various infections in both pigs and humans. This study investigates the role of methionine acquisition in the growth and virulence of S. suis. The putative methionine transport system is organised as an operon comprising the metQ gene and genes encoding a transposase and an ATPase, forming a typical tripartite ABC transporter. This operon is conserved across multiple streptococcal species, including both animal and human pathogens. We examined whether MetQ functions as a methionine-binding protein and its role in bacterial infection. Using Western blotting and flow cytometry with a specific antiserum, we demonstrated that MetQ is produced in vitro by the S. suis reference strain P1/7 under methionine-limited conditions and is located on the bacterial cell surface. Growth assays in chemically defined media revealed that a metQ deletion mutant (P1/7∆metQ) exhibited impaired growth under methionine-restricted conditions but grew normally in a nutrient-rich medium, suggesting that MetQ primarily transports methionine. Isothermal Titration Calorimetry demonstrated that MetQ binds L-methionine with a dissociation constant (KD) of 7.1 µM. In a murine infection model, the metQ mutant showed reduced dissemination to internal organs compared to the wild type. Furthermore, the mutant showed decreased intracellular survival in murine macrophages and increased sensitivity to oxidative stress, while exhibited enhanced biofilm formation compared to the wild type. Our findings indicate that MetQ is essential for methionine uptake under methionine-restricted conditions, which is critical for bacterial nutrition, immune evasion, and pathogenicity during infection.</subfield>
  </datafield>
  <datafield tag="536" ind1=" " ind2=" ">
    <subfield code="9">info:eu-repo/grantAgreement/ES/MICINN AEI PID2020-114617RB-100AEI-10.13039-501100011033</subfield>
  </datafield>
  <datafield tag="540" ind1=" " ind2=" ">
    <subfield code="9">info:eu-repo/semantics/openAccess</subfield>
    <subfield code="a">by</subfield>
    <subfield code="u">https://creativecommons.org/licenses/by/4.0/deed.es</subfield>
  </datafield>
  <datafield tag="655" ind1=" " ind2="4">
    <subfield code="a">info:eu-repo/semantics/article</subfield>
    <subfield code="v">info:eu-repo/semantics/publishedVersion</subfield>
  </datafield>
  <datafield tag="700" ind1=" " ind2=" ">
    <subfield code="a">García, Carla</subfield>
    <subfield code="u">Universidad de Zaragoza</subfield>
  </datafield>
  <datafield tag="700" ind1=" " ind2=" ">
    <subfield code="a">Saralegui, Luis</subfield>
    <subfield code="u">Universidad de Zaragoza</subfield>
  </datafield>
  <datafield tag="700" ind1=" " ind2=" ">
    <subfield code="a">van Beek, Lucille</subfield>
  </datafield>
  <datafield tag="700" ind1=" " ind2=" ">
    <subfield code="a">de Jonge, Marien I.</subfield>
  </datafield>
  <datafield tag="700" ind1=" " ind2=" ">
    <subfield code="a">Marín, Clara</subfield>
    <subfield code="0">(orcid)0000-0002-1974-9025</subfield>
  </datafield>
  <datafield tag="700" ind1=" " ind2=" ">
    <subfield code="a">Arenas, Jesús</subfield>
    <subfield code="u">Universidad de Zaragoza</subfield>
    <subfield code="0">(orcid)0000-0002-8134-0693</subfield>
  </datafield>
  <datafield tag="710" ind1="2" ind2=" ">
    <subfield code="1">1009</subfield>
    <subfield code="2">773</subfield>
    <subfield code="a">Universidad de Zaragoza</subfield>
    <subfield code="b">Dpto. Patología Animal</subfield>
    <subfield code="c">Área Sanidad Animal</subfield>
  </datafield>
  <datafield tag="773" ind1=" " ind2=" ">
    <subfield code="g">56 (2025), 99 [16 pp.]</subfield>
    <subfield code="p">Vet. res.</subfield>
    <subfield code="t">Veterinary Research</subfield>
    <subfield code="x">0928-4249</subfield>
  </datafield>
  <datafield tag="856" ind1="4" ind2=" ">
    <subfield code="s">3678411</subfield>
    <subfield code="u">http://zaguan.unizar.es/record/160898/files/texto_completo.pdf</subfield>
    <subfield code="y">Versión publicada</subfield>
  </datafield>
  <datafield tag="856" ind1="4" ind2=" ">
    <subfield code="s">2513436</subfield>
    <subfield code="u">http://zaguan.unizar.es/record/160898/files/texto_completo.jpg?subformat=icon</subfield>
    <subfield code="x">icon</subfield>
    <subfield code="y">Versión publicada</subfield>
  </datafield>
  <datafield tag="909" ind1="C" ind2="O">
    <subfield code="o">oai:zaguan.unizar.es:160898</subfield>
    <subfield code="p">articulos</subfield>
    <subfield code="p">driver</subfield>
  </datafield>
  <datafield tag="951" ind1=" " ind2=" ">
    <subfield code="a">2025-10-17-14:17:26</subfield>
  </datafield>
  <datafield tag="980" ind1=" " ind2=" ">
    <subfield code="a">ARTICLE</subfield>
  </datafield>
</record>
</collection>